000 00461cam a22001337a 4500
008 180718b2009 xxu||||| |||| 00| 0 eng d
082 _aAPPPA 2008-09/PAC
100 _aPackirisamy, V.
245 _aDocumentary film movement in India: the issue of compulsory theatrical exhibition - the road ahead
_cby V. Packirisamy
260 _aNew Delhi
_bIndian Institute of Public Administration
_c2009
300 _a126p.
650 _aIndia
650 _aDocumentary film
999 _c495223
_d495223